| 000 | 00831cam a22002415a 4500 | ||
|---|---|---|---|
| 005 | 20180516145619.0 | ||
| 008 | 130225t2013 nyua fr 001 0 eng d | ||
| 020 | _a9780071808507 | ||
| 020 | _a0071808507 | ||
| 040 |
_aDLC _beng _cDLC _dDLC _dEG-ScBUE |
||
| 082 | 0 | 4 |
_a658.150285554 _222 _bSOU |
| 100 | 1 | _aSoubeiga, Eric. | |
| 245 | 1 | 0 |
_aMastering financial modeling : _ba professional's guide to building financial models in Excel / _cEric Soubeiga. |
| 260 |
_aNew York : _bMcGraw-Hill Education, _cc.2013. |
||
| 300 |
_axiii, 301 p. : _bill. ; _c24 cm. |
||
| 500 | _aIncludes index. | ||
| 630 | 7 | _aMicrosoft Excel (Computer file) | |
| 650 | 7 |
_aFinance _xMathematical models. _2BUEsh _922542 |
|
| 650 | 7 |
_aInvestments _xMathematical models. _2BUEsh _936475 |
|
| 651 | _2BUEsh | ||
| 653 |
_bBUSADM _cMay2018 _cMay2018 |
||
| 942 | _2ddc | ||
| 999 |
_c26727 _d26699 |
||